Mobilizing invisible assets

שמור ב:
מידע ביבליוגרפי
מחבר ראשי: Itami, Hiroyuki
פורמט: ספר
שפה:Undetermined
יצא לאור: Cambridge Harvard University Press 1987
נושאים:
תגים: הוספת תג
אין תגיות, היה/י הראשונ/ה לתייג את הרשומה!
Thư viện lưu trữ: Trung tâm Học liệu Trường Đại học Cần Thơ
LEADER 00474nam a2200169Ia 4500
001 CTU_78032
008 210402s9999 xx 000 0 und d
082 |a 658.4 
082 |b I.88 
100 |a Itami, Hiroyuki 
245 0 |a Mobilizing invisible assets 
245 0 |c Hiroyuki Itami, Thomas W. Rochl 
260 |a Cambridge 
260 |b Harvard University Press 
260 |c 1987 
650 |a Strategic planning 
980 |a Trung tâm Học liệu Trường Đại học Cần Thơ